000 00253nam a22001217a 4500
003 SGT
082 _a615
_bPAT
100 _aPATIL, DR. VIKAS
245 _aMCQ'S BOOK FOR PHARMACY
260 _aINDIA
_bIP PUB.
_c2022
300 _a146
942 _2ddc
_cBK
999 _c32492
_d32492